| 000 | 00616nam a2200181 4500 | ||
|---|---|---|---|
| 001 | 107709 | ||
| 003 | ES-MaACL | ||
| 005 | 20230906184456.0 | ||
| 007 | t| | ||
| 008 | 061121s1958 cu r ||||1| spa d | ||
| 100 | 1 |
_aMoreno, Mario Julio. _983306 |
|
| 245 | 1 | 3 |
_aLa miel del corazón y otros poemas / _cMario Julio Moreno; prólogo de Rafael Marquina, nota biográfica y portada de Baltasar Enero. |
| 260 |
_aLa Habana : _b[s.n.], _c1958 ( _fTip. Mendez y Cª) |
||
| 300 |
_a80 p. ; _c21. |
||
| 700 | 1 |
_aMarquina, Rafael. _9139054 |
|
| 700 | 1 |
_aGómez, José Jorge. _957771 |
|
| 852 |
_aES-MaACL _jC-17721 _bR.42683 |
||
| 999 |
_c107709 _d107709 |
||